Online katalóg knižníc regiónu Turca

Dotyky lásky (Record no. 21995)

MARC details
000 -LEADER
fixed length control field 01407cam a2200397 a 4500
001 - CONTROL NUMBER
control field 21995
003 - CONTROL NUMBER IDENTIFIER
control field VRT
005 - DATE AND TIME OF LATEST TRANSACTION
control field 20260317143514.0
008 - FIXED-LENGTH DATA ELEMENTS--GENERAL INFORMATION
fixed length control field 240226s1999 xo r 000 f slo
015 ## - NATIONAL BIBLIOGRAPHY NUMBER
National bibliography number SNBA1999/11-04193
020 ## - INTERNATIONAL STANDARD BOOK NUMBER
International Standard Book Number 8071187429
035 ## - SYSTEM CONTROL NUMBER
System control number SNK000324486
035 ## - SYSTEM CONTROL NUMBER
System control number urn:nbn:sk:snk-amkjy9
035 ## - SYSTEM CONTROL NUMBER
System control number urn:nbn:sk:snk-am008hzm
035 ## - SYSTEM CONTROL NUMBER
System control number 1BE8126D-75A6-441F-A820-FD23A9B05DE7
039 #9 - LEVEL OF BIBLIOGRAPHIC CONTROL AND CODING DETAIL [OBSOLETE]
Level of rules in bibliographic description 202402261538
Level of effort used to assign nonsubject heading access points VLOAD
Level of effort used to assign subject headings 202205120802
Level of effort used to assign classification VLOAD
Level of effort used to assign subject headings 202106301415
Level of effort used to assign classification csnk01
Level of effort used to assign subject headings 202106301233
Level of effort used to assign classification AUTHORITY
040 ## - CATALOGING SOURCE
Original cataloging agency SNK
Language of cataloging slo
Original cataloging agency SNK
Description conventions AACR2
041 1# - LANGUAGE CODE
Language code of text/sound track or separate title slo
Language code of original eng
044 ## - COUNTRY OF PUBLISHING/PRODUCING ENTITY CODE
MARC country code xo
ISO country code SK
080 ## - UNIVERSAL DECIMAL CLASSIFICATION NUMBER
Universal Decimal Classification number 820 (73)-3
Edition identifier 1981
100 1# - MAIN ENTRY--PERSONAL NAME
Personal name Krentz, Jayne Ann,
Dates associated with a name 1948-
Relationship aut
240 10 - UNIFORM TITLE
Uniform title Deep waters
Language of a work Slovensky
245 10 - TITLE STATEMENT
Title Dotyky lásky
Statement of responsibility, etc. Jayne Ann Krentzová ; [z anglického originálu preložila Anna Ilčíková]
260 ## - PUBLICATION, DISTRIBUTION, ETC.
Place of publication, distribution, etc. Bratislava
Name of publisher, distributor, etc. Ikar
Date of publication, distribution, etc. 1999
300 ## - PHYSICAL DESCRIPTION
Extent 272 s.
Dimensions 21 cm
655 #7 - INDEX TERM--GENRE/FORM
Genre/form data or focus term americké romány
Source of term SNKPH
655 #7 - INDEX TERM--GENRE/FORM
Genre/form data or focus term ľúbostné romány
Source of term SNKPH
700 1# - ADDED ENTRY--PERSONAL NAME
Personal name Ilčíková, Anna,
Dates associated with a name 1952-
Relationship trl
910 ## - USER-OPTION DATA (OCLC)
User-option data snk
942 ## - ADDED ENTRY ELEMENTS (KOHA)
Source of classification or shelving scheme Dewey Decimal Classification
Koha item type Krásna literatúra pre dospelých
Suppress in OPAC No
949 ## - LOCAL PROCESSING INFORMATION (OCLC)
6 2889124325
a savukPV 2112
949 ## - LOCAL PROCESSING INFORMATION (OCLC)
6 273K0106842
a svkpoA 175859
b svkpo437631
949 ## - LOCAL PROCESSING INFORMATION (OCLC)
6 270001000039042
a svkbbA 99939
b svkbbm 627515
p 627.515
949 ## - LOCAL PROCESSING INFORMATION (OCLC)
6 17A0203399
9 P60, <03>, [BOOK], {603}
a snkSC 99457
b snkKSP 8539/99
s 6100:20140925
949 ## - LOCAL PROCESSING INFORMATION (OCLC)
6 17A0208751
9 P60, <04>, [BOOK], {604}
a snkSC 99457 D1
b snkKSP 9156/99
Holdings
Stav vyradenia Strata Poškodenie Spôsob nadobudnutia Domovská knižnica Aktuálna knižnica Dátum nadobudnutia Total checkouts Čiarový kód exemplára Date last seen Typ exemplára
      Dar Obecná knižnica Turčianska Štiavnička Obecná knižnica Turčianska Štiavnička 17.03.2026   4738000482 17.03.2026 Krásna literatúra pre dospelých
Projekt je podporený Slovenskou asociáciou knižníc
Prevádzkuje Turčianska knižnica Martin 2026